Famous 'Ca' People Quiz Stats

 Plays Quiz Updated Feb 14, 2016

Also try: Famous 'Co' People
Challenge
Share
Tweet
Score 0/20 Timer 05:00
0 Plays Today
% Correct
Nicolas Cage
95.4%
Mariah Carey
93.8%
Jim Carrey
93.5%
Fidel Castro
86.7%
Jimmy Carter
85.5%
Steve Carell
83.3%
Michael Caine
76.7%
Johnny Cash
73.3%
John Candy
72.9%
Al Capone
70.9%
% Correct
Johnny Carson
66.5%
Naomi Campbell
52.3%
James Caan
51.7%
James Cameron
50.4%
Kim Cattrall
33.3%
Truman Capote
31%
Henry Cavill
27.4%
Jennifer Carpenter
14.1%
Vanessa Carlton
10.6%
Vincent Cassel
9.4%

You're not logged in!

Compare scores with friends on all Sporcle quizzes.
Join for Free
OR
Log In

You Might Also Like...

Show Comments

Extras

Top Quizzes Today


Score Distribution

Your Account Isn't Verified!

In order to create a playlist on Sporcle, you need to verify the email address you used during registration. Go to your Sporcle Settings to finish the process.

Report this User

Report this user for behavior that violates our Community Guidelines.

Details: